Bearers of the sun / (Запис № 472275)
[ простий вигляд ]
| 000 -LEADER | |
|---|---|
| fixed length control field | 01432cam a2200337Ia 4500 |
| 001 - CONTROL NUMBER | |
| control field | bearersofsun00fost |
| 003 - CONTROL NUMBER IDENTIFIER | |
| control field | CaSfIA |
| 005 - DATE AND TIME OF LATEST TRANSACTION | |
| control field | 20210117191716.0 |
| 007 - PHYSICAL DESCRIPTION FIXED FIELD--GENERAL INFORMATION | |
| fixed length control field | cr|||| |
| 008 - FIXED-LENGTH DATA ELEMENTS--GENERAL INFORMATION | |
| fixed length control field | 850924s1984 bcc 000 1 eng d |
| 040 ## - CATALOGING SOURCE | |
| Original cataloging agency | EEM |
| Transcribing agency | EEM |
| Modifying agency | NLC |
| -- | BAKER |
| -- | OCLCG |
| -- | CaSfIA |
| 016 ## - NATIONAL BIBLIOGRAPHIC AGENCY CONTROL NUMBER | |
| Record control number | 840913575 |
| 019 ## - | |
| -- | 15974731 |
| 020 ## - INTERNATIONAL STANDARD BOOK NUMBER | |
| International Standard Book Number | 0969034121 |
| 020 ## - INTERNATIONAL STANDARD BOOK NUMBER | |
| International Standard Book Number | 9780969034124 |
| 035 ## - SYSTEM CONTROL NUMBER | |
| System control number | (OCoLC)12595010 |
| Canceled/invalid control number | (OCoLC)15974731 |
| 050 #4 - LIBRARY OF CONGRESS CALL NUMBER | |
| Classification number | PR9199.3.F67 |
| Item number | B42 1984 |
| 055 02 - CLASSIFICATION NUMBERS ASSIGNED IN CANADA | |
| Classification number | PS8561* |
| 082 0# - DEWEY DECIMAL CLASSIFICATION NUMBER | |
| Classification number | C813/.54 |
| Edition number | 19 |
| 029 1# - (OCLC) | |
| OCLC library identifier | NLC |
| System control number | 840913575 |
| 100 1# - MAIN ENTRY--PERSONAL NAME | |
| Personal name | Foster, Chris, |
| Dates associated with a name | 1932- |
| 245 10 - TITLE STATEMENT | |
| Title | Bearers of the sun / |
| Medium | [electronic resource] |
| Statement of responsibility, etc | Chris Foster. |
| 260 ## - PUBLICATION, DISTRIBUTION, ETC. (IMPRINT) | |
| Place of publication, distribution, etc | Mile House, B.C. : |
| Name of publisher, distributor, etc | Integrity International, |
| Date of publication, distribution, etc | 1984. |
| 300 ## - PHYSICAL DESCRIPTION | |
| Extent | 199 p. ; |
| Dimensions | 22 cm. |
| 506 ## - RESTRICTIONS ON ACCESS NOTE | |
| Standardized terminology for access restriction | Необхідна авторизація на https://archive.org/ (створення облікового запису безкоштовно) |
| 506 ## - RESTRICTIONS ON ACCESS NOTE | |
| Standardized terminology for access restriction | Необхідна авторизація на https://openlibrary.org/ (створення облікового запису безкоштовно) |
| 856 41 - ELECTRONIC LOCATION AND ACCESS | |
| Uniform Resource Identifier | <a href="http://www.archive.org/details/bearersofsun00fost">http://www.archive.org/details/bearersofsun00fost</a> |
| Public note | Free eBook from the Internet Archive |
| 856 42 - ELECTRONIC LOCATION AND ACCESS | |
| Uniform Resource Identifier | <a href="http://www.openlibrary.org/books/OL20514041M">http://www.openlibrary.org/books/OL20514041M</a> |
| Public note | Additional information and access via Open Library |
| 942 ## - ADDED ENTRY ELEMENTS (KOHA) | |
| Koha item type | ЕКнига |
Немає доступних примірників.